Normal view
MARC view
Entry Personal Name
001 - CONTROL NUMBER
- control field: 13418
003 - CONTROL NUMBER IDENTIFIER
- control field: OSt
005 - DATE AND TIME OF LATEST TRANSACTION
- control field: 20191118153956.0
008 - FIXED-LENGTH DATA ELEMENTS
- fixed length control field: 191118|| aca||aabn | a|a d
040 ## - CATALOGING SOURCE
- Original cataloging agency: OSt
- Transcribing agency: OSt
100 ## - HEADING--PERSONAL NAME
- Personal name: Balantrapu, Tanay
670 ## - SOURCE DATA FOUND
- Source citation: Work cat.: (OSt): Balantrapu, Tanay, Maoist justice vs liberal justice: A tribute to K. Balagopal
